| 000 | 004660000a22001810004500 | ||
|---|---|---|---|
| 003 | MACL | ||
| 005 | 20151230122626.0 | ||
| 008 | 151230b xxu||||| |||| 00| 0 eng d | ||
| 040 |
_aMACL _cMACL |
||
| 041 | _aEnglish | ||
| 082 | _a307/SRI | ||
| 100 |
_aSrivastava, Vinita _924716 |
||
| 245 | _aEmployment of Educated Married Women in India | ||
| 260 |
_bNational Publishing House _c1978 |
||
| 350 | _a45 | ||
| 650 |
_aSociology _924717 |
||
| 942 |
_cBK _k307/SRI _2ddc |
||
| 999 |
_c33963 _d33963 |
||